01959nab a22003857a 4500003000900000040001800009041000800027044000700035110006600042245001600108260006300124300003300187505001100220505002400231505007100255505001600326505008500342505002100427505006000448505009200508505011500600505006900715505001800784505013800802505001300940505008700953505010301040505007201143505009001215505009401305600005101399651003401450653002401484773006501508AR-RoUNA aAR-RoUNAbspa aspa aag2 aMunicipalidad de RosariobSecretaria de Cultura y Educación aVasto mundo aRosario (Santa Fe, Argentina) :bEditorial Amalevi,c1994. ap.64 :bfot. col.c27x20 cm.0 tINDICE0 aRevista Vasto Mundo0 aPatricio Pron / La calle como escenario. Artistas en la vida. p. 40 tPANORAMICAS0 aHernán Lascano / Fronteras virtuales. Espacio y tiempo de los jóvenes. p. 100 tTRANSFORMACIONES0 aGabriel González / Tras los rastros del dinero. p. 140 aSusana Rosano / Con oídos y corazón abiertos. La carpa de acortar distancias. p. 210 aRicardo Luque / Internautas en Rosario, o de cómo saltar del Tercer Mundo al ciberespacio por un rato. p. 240 aLisy Smiles y CLaudio Demarchi / La ciudad imposible (II). p. 320 tACERCAMIENTOS0 aDamian Schwarzstein y Aurtarco Arfini / "Más viejos que el Swift". Hermanos Adelardo, constructores de canoas del Saladillo. p. 400 tRESCATES0 aCarlos del Frade / Veinte años: 1976-1996. Camino a la Casa de la Memoria. p. 440 aAlberto Carlos Vila Ortiz / Cristian Hernández Larguía. Oficio y ética de la música. p. 490 aAlberto Carlos Vila Ortiz / Conjunto Pro Música de Rosario. p. 490 aLuis Cinglolani / Las peñas que hicieron historia. Guitarras de mano en mano. p. 520 aVerónica Solina y Paula Favareto / Escultura a cielo abierto. Voces de la madera. p. 5810aHernández Larguía, Cristián,d1921-2016. 0aRosario (Santa Fe, Argentina) aEscultura en madera0 aVasto Mundo.dRosario, Amalevi, 1994gNº 12 (dic-1996) p.64